<?xml version="1.0" encoding="UTF-8"?>
<record
    xmlns:xsi="http://www.w3.org/2001/XMLSchema-instance"
    xsi:schemaLocation="http://www.loc.gov/MARC21/slim http://www.loc.gov/standards/marcxml/schema/MARC21slim.xsd"
    xmlns="http://www.loc.gov/MARC21/slim">

  <leader>00346pam a2200145 a 4500</leader>
  <datafield tag="020" ind1=" " ind2=" ">
    <subfield code="a">978-81-795-8333-5</subfield>
    <subfield code="c"></subfield>
  </datafield>
  <datafield tag="041" ind1=" " ind2=" ">
    <subfield code="h"></subfield>
  </datafield>
  <datafield tag="082" ind1=" " ind2=" ">
    <subfield code="a">512.5</subfield>
  </datafield>
  <datafield tag="100" ind1=" " ind2=" ">
    <subfield code="a">Lay D C </subfield>
    <subfield code="e">Author</subfield>
  </datafield>
  <datafield tag="245" ind1=" " ind2=" ">
    <subfield code="a">Linear Algebra and its Applications</subfield>
    <subfield code="c">Lay D C </subfield>
    <subfield code="h">Textual Documents </subfield>
  </datafield>
  <datafield tag="250" ind1=" " ind2=" ">
    <subfield code="a">3rd ED</subfield>
  </datafield>
  <datafield tag="260" ind1=" " ind2=" ">
    <subfield code="b">Pearson Pub.</subfield>
    <subfield code="c">2011</subfield>
  </datafield>
  <datafield tag="300" ind1=" " ind2=" ">
    <subfield code="a">112</subfield>
  </datafield>
  <datafield tag="930" ind1=" " ind2=" ">
    <subfield code="a">1579</subfield>
  </datafield>
  <datafield tag="999" ind1=" " ind2=" ">
    <subfield code="c">245407</subfield>
    <subfield code="d">245407</subfield>
  </datafield>
  <datafield tag="952" ind1=" " ind2=" ">
    <subfield code="0">0</subfield>
    <subfield code="1">0</subfield>
    <subfield code="4">0</subfield>
    <subfield code="7">0</subfield>
    <subfield code="8">General </subfield>
    <subfield code="a">ECL</subfield>
    <subfield code="b">ECL</subfield>
    <subfield code="d">1900-01-01</subfield>
    <subfield code="e">BMSGB Pune</subfield>
    <subfield code="g">635.00</subfield>
    <subfield code="l">0</subfield>
    <subfield code="o">512.5 </subfield>
    <subfield code="p">ECL-07984</subfield>
    <subfield code="r">2023-04-03 00:00:00</subfield>
    <subfield code="t">5</subfield>
    <subfield code="w">2023-04-03</subfield>
    <subfield code="y">BK</subfield>
  </datafield>
  <datafield tag="952" ind1=" " ind2=" ">
    <subfield code="0">0</subfield>
    <subfield code="1">0</subfield>
    <subfield code="4">0</subfield>
    <subfield code="7">0</subfield>
    <subfield code="8">General </subfield>
    <subfield code="a">ECL</subfield>
    <subfield code="b">ECL</subfield>
    <subfield code="d">1900-01-01</subfield>
    <subfield code="e">BMSGB Pune</subfield>
    <subfield code="g">635.00</subfield>
    <subfield code="l">0</subfield>
    <subfield code="o">512.5 </subfield>
    <subfield code="p">ECL-07983</subfield>
    <subfield code="r">2023-04-03 00:00:00</subfield>
    <subfield code="t">4</subfield>
    <subfield code="w">2023-04-03</subfield>
    <subfield code="y">BK</subfield>
  </datafield>
  <datafield tag="952" ind1=" " ind2=" ">
    <subfield code="0">0</subfield>
    <subfield code="1">0</subfield>
    <subfield code="4">0</subfield>
    <subfield code="7">0</subfield>
    <subfield code="8">General </subfield>
    <subfield code="a">ECL</subfield>
    <subfield code="b">ECL</subfield>
    <subfield code="d">1900-01-01</subfield>
    <subfield code="e">BMSGB Pune</subfield>
    <subfield code="g">635.00</subfield>
    <subfield code="l">0</subfield>
    <subfield code="o">512.5 </subfield>
    <subfield code="p">ECL-07982</subfield>
    <subfield code="r">2023-04-03 00:00:00</subfield>
    <subfield code="t">3</subfield>
    <subfield code="w">2023-04-03</subfield>
    <subfield code="y">BK</subfield>
  </datafield>
  <datafield tag="952" ind1=" " ind2=" ">
    <subfield code="0">0</subfield>
    <subfield code="1">0</subfield>
    <subfield code="4">0</subfield>
    <subfield code="7">0</subfield>
    <subfield code="8">General </subfield>
    <subfield code="a">ECL</subfield>
    <subfield code="b">ECL</subfield>
    <subfield code="d">1900-01-01</subfield>
    <subfield code="e">BMSGB Pune</subfield>
    <subfield code="g">635.00</subfield>
    <subfield code="l">0</subfield>
    <subfield code="o">512.5 </subfield>
    <subfield code="p">ECL-07981</subfield>
    <subfield code="r">2023-04-03 00:00:00</subfield>
    <subfield code="t">2</subfield>
    <subfield code="w">2023-04-03</subfield>
    <subfield code="y">BK</subfield>
  </datafield>
  <datafield tag="952" ind1=" " ind2=" ">
    <subfield code="0">0</subfield>
    <subfield code="1">0</subfield>
    <subfield code="4">0</subfield>
    <subfield code="7">0</subfield>
    <subfield code="8">General </subfield>
    <subfield code="a">ECL</subfield>
    <subfield code="b">ECL</subfield>
    <subfield code="d">1900-01-01</subfield>
    <subfield code="e">BMSGB Pune</subfield>
    <subfield code="g">635.00</subfield>
    <subfield code="l">0</subfield>
    <subfield code="o">512.5 </subfield>
    <subfield code="p">ECL-07980</subfield>
    <subfield code="r">2023-04-03 00:00:00</subfield>
    <subfield code="t">1</subfield>
    <subfield code="w">2023-04-03</subfield>
    <subfield code="y">BK</subfield>
  </datafield>
</record>
